Storici nel medioevo
I tiakina i:
| Kaituhi matua: | |
|---|---|
| Hōputu: | Pukapuka |
| Reo: | Itāriana |
| I whakaputaina: |
Nápoles
Liguori
1979
|
| Rangatū: | Nuovo medioevo, 8
|
| Ngā marau: | |
| Ngā Tūtohu: |
Tāpirihia he Tūtohu
Kāore He Tūtohu, Me noho koe te mea tuatahi ki te tūtohu i tēnei pūkete!
|
MARC
| LEADER | 00000nam a2200000 a 4500 | ||
|---|---|---|---|
| 001 | UCX1768 | ||
| 003 | CL-VaPUC | ||
| 008 | 901030e19790000IT |||||||||||||||||ita|d | ||
| 082 | 0 | 4 | |a 940.1 |b SMA |2 21 |
| 100 | 0 | |a Smalley, Beryl |e author |9 317444 | |
| 245 | 1 | 0 | |a Storici nel medioevo |
| 300 | |a 254 p | ||
| 942 | |c BK | ||
| 945 | |d 19901030 00:00:00 | ||
| 260 | |a Nápoles |b Liguori |c 1979 | ||
| 650 | 0 | |a Historia medieval |9 258042 | |
| 583 | |a last modification |c 19901030 00:00:00 |k Rodrigo Vera | ||
| 490 | 0 | |a Nuovo medioevo, 8 | |
| 999 | |c 222932 |d 222930 | ||
| 952 | |0 0 |1 0 |4 0 |6 940_100000000000000_SMA_1979 |7 0 |8 A |9 218247 |a BIBHIS |b BIBHIS |d 2019-11-15 |i 2870894 |o 940.1 SMA 1979 |p 2870894 |r 2025-01-20 |w 2019-11-15 |y BK |k HIS | ||